[Event "80. Bayerische Schach-Einzelmeisterschaft"]
[Site "Immenstadt"]
[Date "2009.08.26"]
[Time "13:30"]
[Round "5"]
[Board "1"]
[White "Köpke, Christian"]
[WhiteTitle "FM"]
[WhiteTeam "SC Tarrasch 45 München"]
[WhiteElo "2374"]
[Black "Reich, Thomas"]
[BlackTitle "IM"]
[BlackTeam "FC Bayern München"]
[BlackElo "2368"]
[Result "1/2-1/2"]
[WhiteType "human"]
[BlackType "human"]

1. e4 c5 2. Nf3 Nc6 3. Nc3 g6 4. d4 cxd4 5. Nxd4 Bg7 6. Be3 Nf6 7. Bc4 O-O 8. Bb3 a5 9. O-O Nxd4 10. Bxd4 d6 11. Qe2 Bd7 12. Bc4 Bc6 13. Rad1 a4 14. a3 Qa5 15. Nd5 Bxd5 16. exd5 Nd7 17. Bxg7 Kxg7 18. c3 Ne5 19. Ba2 Qc5 20. Rd4 b5 21. Kh1 Rac8 22. f4 Nc4 23. Bxc4 bxc4 24. f5 Rc7 25. Qd2 f6 26. Qe3 g5 27. h4 h6 28. Qe2 Qb5 29. Rf3 Rh8 30. Re3 Kf8 31. Ree4 Qd7 32. Re6 Qb5 33. Ree4 Qd7 34. Qf1 Qb5 35. Rxc4 Qxd5 36. Red4 Qb7 37. Rxc7 Qxc7 38. Rxa4 d5 39. Ra8+ Kg7 40. Rxh8 Kxh8 41. hxg5 hxg5 42. Qf3 Qc4 43. g3 Kg7 44. Kg2 Kf8 45. Kf2 Qb3 46. Qe2 Qb6+ 47. Kf1 Qb8 48. Kf2 Qb6+ 49. Kf1 Qb8

[Event "80. Bayerische Schach-Einzelmeisterschaft"]
[Site "Immenstadt"]
[Date "2009.08.26"]
[Time "13:30"]
[Round "5"]
[Board "3"]
[White "Salvermoser, Bernd"]
[WhiteTitle "FM"]
[WhiteTeam "SF Starnberger See"]
[WhiteElo "2314"]
[Black "Grimberg, Boris"]
[BlackTitle "FM"]
[BlackTeam "SAbt TSV Haunstetten"]
[BlackElo "2390"]
[Result "1-0"]
[WhiteType "human"]
[BlackType "human"]

1. d4 g6 2. c4 Bg7 3. e4 d6 4. Nc3 e5 5. d5 f5 6. exf5 gxf5 7. Qh5+ Kf8 8. Bg5 Nf6 9. Qh4 h6 10. Be3 Qe7 11. g3 c5 12. Bh3 Na6 13. Nge2 Ng4 14. Bxg4 fxg4 15. Ne4 Bf5 16. N2c3 Qxh4 17. gxh4 Ke7 18. Ng3 Raf8 19. Nxf5+ Rxf5 20. Rg1 Bf6 21. Rxg4 h5 22. Rg6 Kf7 23. Rg2 Bxh4 24. Ne4 Be7 25. Ke2 b5 26. Rag1 Rb8 27. Ng3 Rf6 28. Nxh5 Rf5 29. Rg7+ Ke8 30. Rg8+ Rf8 31. cxb5 Rxb5 32. b3 Nb4 33. Ng7+ Kf7 34. Rxf8+ Bxf8 35. Ne6 Nxd5 36. Nxf8 Kxf8 37. Bh6+ Ke8 38. Rg8+ Kf7 39. Rg7+ Ke6 40. Rxa7 Rb4 41. Bg5 Nc3+ 42. Kd3 Ne4 43. Be3 Nf6 44. Ra4 c4+ 45. Kc2 Rxa4 46. bxa4 d5 47. a5 Kd6 48. f4 exf4 49. Bxf4+ Kc6 50. Kc3 Kc5 51. Be3+ Kb5 52. Bb6 Ng4 53. h4 Nh6 54. h5 Nf5 55. a4+ Kc6 56. Kb4 Kb7 57. Bf2 Ka6 58. Be1 Kb7 59. Kc5 Ne7 60. h6 Ng6 61. Kxd5 Ka6 62. h7 Kb7 63. Ke4 Nh8 64. Kf5

[Event "80. Bayerische Schach-Einzelmeisterschaft"]
[Site "Immenstadt"]
[Date "2009.08.26"]
[Time "13:30"]
[Round "5"]
[Board "4"]
[White "Gießmann, Stephan"]
[WhiteTitle ""]
[WhiteTeam "SK Kelheim 1920"]
[WhiteElo "2231"]
[Black "Fedorovsky, Michael"]
[BlackTitle "IM"]
[BlackTeam "SC Tarrasch 45 München"]
[BlackElo "2446"]
[Result "0-1"]
[WhiteType "human"]
[BlackType "human"]

1. d4 f5 2. c4 Nf6 3. Nc3 d6 4. Bg5 e6 5. e3 Be7 6. Qc2 O-O 7. Nf3 Nc6 8. O-O-O a6 9. h3 b5 10. cxb5 axb5 11. Bxb5 Bd7 12. a3 Na5 13. Bd3 Nd5 14. Bxe7 Qxe7 15. b4 Nb7 16. e4 Nf4 17. Qb3 c5 18. dxc5 dxc5 19. Bc4 fxe4 20. Nxe4 Ba4 21. Qb2 Bxd1 22. Rxd1 cxb4 23. Neg5 g6 24. g3 Rac8 25. Qb3 Na5

[Event "80. Bayerische Schach-Einzelmeisterschaft"]
[Site "Immenstadt"]
[Date "2009.08.26"]
[Time "13:30"]
[Round "5"]
[Board "5"]
[White "Meister,Peter"]
[WhiteTitle "IM"]
[WhiteTeam "FC Bayern München"]
[WhiteElo "2396"]
[Black "Schatz, Christian"]
[BlackTitle "CM"]
[BlackTeam "SZ Fürth 2002"]
[BlackElo "2179"]
[Result "1-0"]
[WhiteType "human"]
[BlackType "human"]

1. d4 Nf6 2. c4 c5 3. d5 b5 4. Nd2 Qa5 5. Qc2 d6 6. e4 bxc4 7. Bxc4 g6 8. b3 Ba6 9. Bb2 Bg7 10. Nf3 Bxc4 11. bxc4 Nbd7 12. O-O O-O 13. Bc3 Qa6 14. h3 Ne8 15. Bxg7 Nxg7 16. Rfe1 f6 17. Nh2 e5 18. dxe6 Nxe6 19. Ng4 Rab8 20. Ne3 Nd4 21. Qc3 Qa4= 22. Nb3 Qb4 23. Qxb4 Rxb4 24. Red1 Ne2+ 25. Kf1 Nc3 26. Rxd6 Nb6 27. Nd2 Rb2 28. a3 Re8 29. Rc1 Nxe4 30. Nxe4 Rxe4 31. Rxf6 Rd4 32. g3 Kg7 33. Rc6 Rdd2 34. Rc7+ Kg8 35. Ng4 h5 36. Nf6+ Kf8 37. Ne4 Re2 38. Re1 Rxe1+ 39. Kxe1 Nxc4 40. Rxa7 Ra2 41. a4 Ra1+ 42. Ke2 Ra2+ 43. Kf3 Nd2+ 44. Nxd2 Rxd2 45. Ke3 Ra2 46. a5 Ra3+ 47. Ke4 c4 48. a6 c3 49. Kd3 Kg8 50. f4 Kh8 51. Kc2 Kg8 52. g4 h4 53. f5 gxf5 54. gxf5 Ra2+ 55. Kxc3 Ra3+ 56. Kb2 Rxh3 57. Rb7 Rh2+ 58. Kb3 Rh3+ 59. Kb4 Rh1 60. a7 Rb1+

[Event "80. Bayerische Schach-Einzelmeisterschaft"]
[Site "Immenstadt"]
[Date "2009.08.26"]
[Time "13:30"]
[Round "5"]
[Board "6"]
[White "Kuhn, Tobias"]
[WhiteTitle ""]
[WhiteTeam "SK 1982 Klingenberg/Main"]
[WhiteElo "2218"]
[Black "Wagner, Florian"]
[BlackTitle "FM"]
[BlackTeam "SC Noris Tarrasch Nürnberg"]
[BlackElo "2323"]
[Result "1-0"]
[WhiteType "human"]
[BlackType "human"]

1. e4 c5 2. Nf3 Nc6 3. d4 cxd4 4. Nxd4 Nf6 5. Nc3 e5 6. Ndb5 d6 7. Bg5 a6 8. Na3 b5 9. Bxf6 gxf6 10. Nd5 Bg7 11. c3 Ne7 12. Nxe7 Qxe7 13. Nc2 f5 14. exf5 O-O 15. Ne3 e4 16. Be2 b4 17. O-O bxc3 18. bxc3 Kh8 19. Rb1 Qe5 20. g4 Qf4 21. Ng2 Qh6 22. h4 Be5 23. Qd5 Bd7 24. Rb7 Ba4 25. Qxe4 Qd2 26. f6 Bc2 27. Qf3 Rae8 28. Bxa6 Be4 29. Qe3 Qxe3 30. fxe3 Bxb7 31. Bxb7 Rb8 32. Bd5 Bxc3 33. g5 Rb5 34. Rd1 h6 35. Kf2 Kg8 36. Kf3 Rc8 37. Nf4 Be5 38. g6 Bxf6 39. gxf7+ Kh7 40. Rg1 Rf8 41. Rg8 Rxd5 42. Rxf8 Rf5 43. e4 Kg7 44. Ra8 Rxf4+ 45. Kxf4 Be5+

[Event "80. Bayerische Schach-Einzelmeisterschaft"]
[Site "Immenstadt"]
[Date "2009.08.26"]
[Time "13:30"]
[Round "5"]
[Board "7"]
[White "Safyanowsky, Mark"]
[WhiteTitle "IM"]
[WhiteTeam "SC Dillingen"]
[WhiteElo "2302"]
[Black "Walter, Thomas"]
[BlackTitle ""]
[BlackTeam "SC Erlangen 48/88"]
[BlackElo "2121"]
[Result "1/2-1/2"]
[WhiteType "human"]
[BlackType "human"]

1. Nf3 Nf6 2. g3 g6 3. c4 Bg7 4. Bg2 O-O 5. O-O d5 6. d4 c6 7. cxd5 cxd5 8. Nc3 Nc6 9. Ne5 Nxe5 10. dxe5 Ng4 11. Nxd5 Nxe5 12. Bg5 Nc6 13. Nxe7+ Nxe7 14. Qxd8 Rxd8 15. Bxe7 Re8 16. Ba3 Rxe2 17. Rfd1 Bf5 18. Bxb7

[Event "80. Bayerische Schach-Einzelmeisterschaft"]
[Site "Immenstadt"]
[Date "2009.08.26"]
[Time "13:30"]
[Round "5"]
[Board "8"]
[White "Müller, Michael"]
[WhiteTitle ""]
[WhiteTeam "SC Bayerwald/Regen"]
[WhiteElo "2133"]
[Black "Liepold, Stefan"]
[BlackTitle ""]
[BlackTeam "SC Erlangen 48/88"]
[BlackElo "2240"]
[Result "1/2-1/2"]
[WhiteType "human"]
[BlackType "human"]

1. e4 c5 2. d3 Nc6 3. g3 g6 4. Bg2 Bg7 5. f4 e6 6. Nf3 Nge7 7. O-O O-O 8. c3 d5 9. Na3 Rb8 10. e5 b5 11. Nc2 b4 12. cxb4 Nxb4 13. Nxb4 Rxb4 14. b3 Ba6 15. Ba3 Rb5 16. Qc1 Qa5 17. Rf2 Rc8 18. Rc2 Bf8 19. d4 c4 20. Bf1 Rbb8 21. bxc4 dxc4 22. Bd6 Ra8 23. Bxc4 Bxc4 24. Rxc4 Qd5 25. Rc3 Rxc3 26. Qxc3 Rc8 27. Qb3 Rc4 28. Rf1 Nc6 29. Bxf8 Kxf8 30. Rd1 Kg7 31. Qe3 Ra4 32. a3 h5 33. Rd2 Na5 34. Rd3 Nc6 35. h4 Ne7 36. Kh2 Nf5 37. Qd2 a6 38. Qb2 Rc4 39. Qd2 Ra4 40. Qb2 Rc4 41. Qd2 Qc6 42. Qf2 Rc2 43. Rd2 Rc3 44. d5 exd5 45. Nd4 Nxd4

[Event "80. Bayerische Schach-Einzelmeisterschaft"]
[Site "Immenstadt"]
[Date "2009.08.26"]
[Time "13:30"]
[Round "5"]
[Board "9"]
[White "Levushkina, Elena"]
[WhiteTitle "WGM"]
[WhiteTeam "SC Tarrasch 45 München"]
[WhiteElo "2239"]
[Black "Urytskyy, Michael"]
[BlackTitle ""]
[BlackTeam "PTSV SK Hof 1892"]
[BlackElo "2098"]
[Result "1-0"]
[WhiteType "human"]
[BlackType "human"]

1. e4 c5 2. c3 d5 3. exd5 Qxd5 4. d4 e5 5. dxe5 Qxd1+ 6. Kxd1 Nc6 7. Bf4 Bf5 8. Bb5 O-O-O+ 9. Nd2 Nge7 10. Nf3 Nd5 11. Bg3 Be7 12. Re1 g5 13. h4 h6 14. Kc1 Nf4 15. Bxf4 gxf4 16. Ne4 Rhg8 17. Bf1 Bg4 18. Ned2 Rd7 19. Bc4 Be6 20. Bxe6 fxe6 21. Rg1 Rd5 22. Kc2 Nxe5 23. Rae1 Nxf3 24. Nxf3 Rd6 25. Re5 b6 26. Rh5 Bf8 27. c4 Bg7 28. b3 e5 29. Nd2 Rg6 30. Ne4 Rd8 31. Rf5 Rf8 32. Rxf8+ Bxf8 33. g3 h5 34. Kd3 Kd7 35. Re1 fxg3 36. Nxg3 Rd6+ 37. Ke3 Rd4 38. Kf3 Rf4+ 39. Kg2 Ke6 40. Rh1 Be7 41. Nxh5 Rxh4 42. Rxh4 Bxh4 43. Ng3 Be7 44. Kf3 Bf8 45. Ke4 Be7 46. Ne2 Bh4 47. f3 Be1 48. Nc1 Bd2 49. Nd3 Bc3 50. Nf2 Be1 51. Ng4 Bg3 52. Ne3 Be1 53. Nd5 Kd6 54. Kf5 Bd2 55. Nf6 Bf4 56. Ne4+ Ke7 57. Nc3 Kd7 58. Nb5 a6 59. Nc3 Bh2 60. Nd5 b5 61. Nc3 bxc4 62. bxc4 Bg1 63. Ne4 Bd4 64. Kf6 Kc6 65. Ke6 Kb6 66. Kd5 Be3 67. a4 Bd4 68. Nxc5 Bxc5 69. a5+

[Event "80. Bayerische Schach-Einzelmeisterschaft"]
[Site "Immenstadt"]
[Date "2009.08.26"]
[Time "13:30"]
[Round "5"]
[Board "10"]
[White "de Francesco, Klaus"]
[WhiteTitle "FM"]
[WhiteTeam "SK Weilheim"]
[WhiteElo "2296"]
[Black "Lipok, Christoph"]
[BlackTitle ""]
[BlackTeam "Spgem Kötz/Ichenhausen"]
[BlackElo "2182"]
[Result "1/2-1/2"]
[WhiteType "human"]
[BlackType "human"]

1. d4 d5 2. c4 c6 3. Nf3 Nf6 4. Nc3 dxc4 5. a4 Bf5 6. Ne5 Nbd7 7. Nxc4 Nb6 8. Ne5 a5 9. g3 e6 10. Bg2 Bb4 11. O-O O-O 12. e3 h6 13. Qe2 Bh7 14. Rd1 Nfd7 15. Nd3 Nf6 16. Bd2 Bxd3 17. Qxd3 e5 18. Ne4 exd4 19. Bxb4 axb4 20. Nxf6+ Qxf6 21. exd4 Ra5 22. b3

[Event "80. Bayerische Schach-Einzelmeisterschaft"]
[Site "Immenstadt"]
[Date "2009.08.26"]
[Time "13:30"]
[Round "5"]
[Board "11"]
[White "Zehnter, Sebastian"]
[WhiteTitle ""]
[WhiteTeam "SV Würzburg von 1865"]
[WhiteElo "2225"]
[Black "Kaunzinger, Albert"]
[BlackTitle ""]
[BlackTeam "SC Gröbenzell"]
[BlackElo "2181"]
[Result "0-1"]
[WhiteType "human"]
[BlackType "human"]

1. f4 d5 2. Nf3 Bf5 3. b3 e6 4. Bb2 Nf6 5. e3 Be7 6. Be2 h6 7. O-O O-O 8. h3 Ne4 9. d3 Ng3 10. Re1 Nc6 11. Kh2 Nxe2 12. Qxe2 Bf6 13. c3 Bh7 14. e4 a5 15. a4 d4 16. cxd4 Nxd4 17. Bxd4 Bxd4 18. Nxd4 Qxd4 19. Na3 Rad8 20. Rad1 Qb4 21. Qb2 Rxd3 22. Rxd3 Qxe1 23. Rg3 f6 24. Qd4 Qxe4 25. Qd7 Bg6 26. Qxc7 Rf7 27. Qb8+ Kh7 28. Nc4 Rd7 29. Nxa5 e5 30. fxe5 Qf4 31. Qc8 Bf5 32. Qc4 Qxe5 33. Qc3 Qb8 34. Kg1 Rd1+ 35. Kf2 Qf4+ 36. Rf3 Qg5 37. Nc4 Rc1 38. Qe3 Rc2+ 39. Ke1 Qxg2 40. Rxf5 Ra2 41. Rf2 Qh1+ 42. Rf1 Ra1+ 43. Kd2 Rxf1

[Event "80. Bayerische Schach-Einzelmeisterschaft"]
[Site "Immenstadt"]
[Date "2009.08.26"]
[Time "13:30"]
[Round "5"]
[Board "12"]
[White "Guthmann, Peter"]
[WhiteTitle ""]
[WhiteTeam "FC Gunzenhausen 1910"]
[WhiteElo "2110"]
[Black "Sternheimer, Erhard"]
[BlackTitle ""]
[BlackTeam "SC Bad Königshofen 1957"]
[BlackElo "2206"]
[Result "1/2-1/2"]
[WhiteType "human"]
[BlackType "human"]

1. e4 e5 2. Nf3 d6 3. d4 exd4 4. Nxd4 Nf6 5. Nc3 Be7 6. g3 O-O 7. Bg2 Bg4 8. f3 Bd7 9. O-O Nc6 10. b3 Nxd4 11. Qxd4 Bc6 12. Bb2 Ne8 13. Rad1 Bf6 14. Qd3 b5 15. b4 a5 16. a3 Qb8 17. h3 Qb7 18. f4 g6 19. g4 Bg7 20. g5 f5 21. Rb1 axb4 22. axb4 Qb6+ 23. Kh2 Qd4 24. Qxd4 Bxd4 25. Nd5 Bxd5 26. exd5 Bxb2 27. Rxb2 Ng7 28. Bf3 Rfe8 29. Rfb1 Nh5 30. Bxh5 gxh5 31. Kg2 Re3 32. Rb3 Re2+ 33. Kg3 Rxc2 34. Kh4 Rc4 35. Rf1 Ra4 36. Kxh5 Kg7 37. h4 Raxb4 38. Rxb4 Rxb4 39. Re1 Re4 40. Rc1 Rc4 41. Re1 Re4 42. Rb1 Rxf4 43. Rxb5 Re4 44. Rb3 Re5 45. Rc3 Re7 46. Rf3 Re5 47. Rc3= Re7 48. Rf3

[Event "80. Bayerische Schach-Einzelmeisterschaft"]
[Site "Immenstadt"]
[Date "2009.08.26"]
[Time "13:30"]
[Round "5"]
[Board "13"]
[White "Jussupow, Alexander"]
[WhiteTitle ""]
[WhiteTeam "SK Krumbach"]
[WhiteElo "2071"]
[Black "Dr. Hofstetter, Hans-Joachim"]
[BlackTitle "FM"]
[BlackTeam "SK 1933 Bad Neustadt"]
[BlackElo "2213"]
[Result "1-0"]
[WhiteType "human"]
[BlackType "human"]

1. d4 Nf6 2. Nf3 d5 3. e3 c5 4. b3 g6 5. Bb2 Bg7 6. Be2 O-O 7. O-O Nc6 8. Nbd2 Ne4 9. Ne5 Nxe5 10. dxe5 Qc7 11. f4 Rd8 12. Bf3 Qa5 13. Bxe4 dxe4 14. Rf2 Bf5 15. Qe2 h5 16. h3 h4 17. a4 Rd5 18. Nc4 Qd8 19. Rff1 Bf8 20. Qe1 e6 21. Nd6 b6 22. Qc3 Bg7 23. Rad1 Qxd6 24. exd6 Bxc3 25. Bxc3 Rd8 26. Be5 Rd7 27. Bf6 R7xd6 28. Rc1 Rc6 29. Bxh4 e5 30. fxe5 Rxe5 31. Rcd1 Re8 32. g4 Be6 33. Bf6 a5 34. Rf4 g5 35. Rxe4 Kh7 36. Bxg5 Rg8 37. Bf6 Bf5 38. Re5 Bxc2 39. Rf1 Bg6 40. Kh2 c4 41. bxc4 Rxc4 42. Rf4 Rgc8 43. Kg3 Bc2 44. Rh5+ Kg6 45. Rg5+ Kh6 46. Rb5 R4c6 47. g5+ Kg6 48. Rh4 Rc5 49. e4

[Event "80. Bayerische Schach-Einzelmeisterschaft"]
[Site "Immenstadt"]
[Date "2009.08.26"]
[Time "13:30"]
[Round "5"]
[Board "14"]
[White "Palmi, Herbert"]
[WhiteTitle ""]
[WhiteTeam "SC Bayerwald/Regen"]
[WhiteElo "2134"]
[Black "Lederle, Vitus"]
[BlackTitle ""]
[BlackTeam "SC Dillingen"]
[BlackElo "2168"]
[Result "0-1"]
[WhiteType "human"]
[BlackType "human"]

1. d4 e6 2. Bf4 c5 3. e3 Nf6 4. Nf3 Qb6 5. Qc1 Nc6 6. c3 Nh5 7. Bg5 h6 8. Bh4 g5 9. Bg3 Nxg3 10. hxg3 Bg7 11. Nbd2 d5 12. dxc5 Qxc5 13. Nb3 Qb6 14. Qd2 Bd7 15. Be2 O-O 16. Rd1 Rac8 17. Qd3 Rfd8 18. Rh5 f6 19. Qb1 Be8 20. Rh1 a5 21. Kf1 Ne5 22. Nxe5 fxe5 23. Kg1 a4 24. Nd2 e4 25. c4 Bg6 26. b4 Rf8 27. c5 Qd8 28. Qc2 Qf6 29. Rf1 Qc3 30. Rc1 Qxb4 31. Bg4 Bf5 32. Bd1 d4 33. Nxe4 d3 34. Qc4 Qxc4 35. Rxc4 Bxe4 36. Rxe4 Rxc5 37. Bxa4 Rc1+ 38. Kh2 Rxh1+ 39. Kxh1 Rxf2 40. Bb3 Rf1+ 41. Kh2 d2 42. Rxe6 Kf8 43. Rd6 Bc3 44. e4 Ke7 45. e5 h5 46. Rd3 Bxe5 47. Rxd2 g4 48. Rd1 Rf2 49. Bd5 b6 50. a4 h4 51. Bc6 hxg3+ 52. Kg1 Rf6 53. Bd7 Rf4 54. Bb5 Bd4+ 55. Kh1 Kd6 56. Rb1 Rf6

[Event "80. Bayerische Schach-Einzelmeisterschaft"]
[Site "Immenstadt"]
[Date "2009.08.26"]
[Time "13:30"]
[Round "5"]
[Board "15"]
[White "Kues, Manuel"]
[WhiteTitle ""]
[WhiteTeam "TSV Kareth-Lappersdorf"]
[WhiteElo "1991"]
[Black "Dr. Hornung, Hans"]
[BlackTitle ""]
[BlackTeam "SK Klosterlechfeld"]
[BlackElo "2152"]
[Result "0-1"]
[WhiteType "human"]
[BlackType "human"]

1. e4 g6 2. d4 Bg7 3. f4 c5 4. Nf3 cxd4 5. Nxd4 Nc6 6. c3 Nxd4 7. cxd4 Qb6 8. e5 Nh6 9. b3 Nf5 10. Bb2 d6 11. Qd2 dxe5 12. fxe5 O-O 13. Na3 Bh6 14. Qd3 Ne3 15. Nc4 Nxc4 16. Qxc4 Be6 17. Qc5 Qxc5 18. dxc5 Be3 19. b4 a5 20. Ke2 Bh6 21. b5 Rac8 22. Kf3 Rxc5 23. Bd3 Rd8 24. Be4 Rd2

[Event "80. Bayerische Schach-Einzelmeisterschaft"]
[Site "Immenstadt"]
[Date "2009.08.26"]
[Time "13:30"]
[Round "5"]
[Board "16"]
[White "Kunze, Holger"]
[WhiteTitle ""]
[WhiteTeam "FC Bayern München"]
[WhiteElo "2194"]
[Black "Verlatov, Artjom"]
[BlackTitle ""]
[BlackTeam "PTSV SK Hof 1892"]
[BlackElo "2051"]
[Result "1-0"]
[WhiteType "human"]
[BlackType "human"]

1. d4 f5 2. g3 Nf6 3. Bg2 g6 4. Nf3 Bg7 5. O-O O-O 6. c4 d6 7. Nc3 Qe8 8. d5 a5 9. Be3 Na6 10. Qd2 Ng4 11. Bf4 Nc5 12. Nd4 Rb8 13. Rac1 a4 14. Ncb5 e5 15. dxe6 Qe7 16. Bg5 Nf6 17. Qe3 c6 18. Nxd6 Bxe6 19. N4xf5 gxf5 20. Nxf5 Qd7 21. Nxg7 Qxg7 22. Qxc5 Nd7 23. Qd6 Rbe8 24. Qd2 Rf5 25. Bf4 Ref8 26. Bh6

[Event "80. Bayerische Schach-Einzelmeisterschaft"]
[Site "Immenstadt"]
[Date "2009.08.26"]
[Time "13:30"]
[Round "5"]
[Board "17"]
[White "Dietrich, Reinhard"]
[WhiteTitle ""]
[WhiteTeam "TSV Wacker Neutraubling"]
[WhiteElo "2133"]
[Black "Eibl, Maximilian"]
[BlackTitle ""]
[BlackTeam "SK Kelheim 1920"]
[BlackElo "2132"]
[Result "0-1"]
[WhiteType "human"]
[BlackType "human"]

1. e4 c5 2. Nf3 d6 3. d4 cxd4 4. Nxd4 e6 5. Nc3 a6 6. h3 Qc7 7. g4 b5 8. Bg2 Bb7 9. O-O Nf6 10. a3 Be7 11. g5 Nfd7 12. f4 Nc6 13. Nde2 O-O 14. Ng3 Rfe8 15. Kh1 Bf8 16. Qg4 Rad8 17. Nh5 b4 18. axb4 Nxb4 19. Rf2 Kh8 20. h4 d5 21. Be3 Nc5 22. exd5 exd5 23. Bd4 Ne4 24. Nxe4 dxe4 25. Be5 Qc5 26. Qe2 e3 27. Bxb7 exf2 28. Be4 Rxe5 29. fxe5 Qxe5 30. Kg2 Re8 31. Ng3 Bd6 32. Qxf2 Qxg3+ 33. Qxg3 Bxg3 34. Kxg3 Rxe4 35. c3 Nd5 36. Rxa6 g6 37. Rd6 Ne7 38. Rd7 Kg7 39. b4 Nf5+ 40. Kf3 Re3+ 41. Kf4 Rxc3 42. h5 Rc4+ 43. Ke5 Rxb4 44. h6+ Nxh6 45. gxh6+ Kxh6 46. Rxf7 Rb5+ 47. Kf4 g5+

[Event "80. Bayerische Schach-Einzelmeisterschaft"]
[Site "Immenstadt"]
[Date "2009.08.26"]
[Time "13:30"]
[Round "5"]
[Board "18"]
[White "Lutz, Albert"]
[WhiteTitle ""]
[WhiteTeam "SK Krumbach"]
[WhiteElo "2166"]
[Black "Basener, Winfried"]
[BlackTitle ""]
[BlackTeam "SC Neuhausen 1908"]
[BlackElo "2204"]
[Result "1-0"]
[WhiteType "human"]
[BlackType "human"]

1. Nf3 d5 2. d4 Nf6 3. g3 Bf5 4. Bg2 h6 5. O-O e6 6. c4 c6 7. Nc3 Be7 8. Bf4 Nbd7 9. cxd5 exd5 10. Ne5 O-O 11. Rc1 Re8 12. a3 Nxe5 13. Bxe5 Nd7 14. Re1 Nxe5 15. dxe5 Bf8 16. Qd4 g5 17. f4 gxf4 18. gxf4 Qh4 19. Qf2 Be7= 20. Red1 Qxf2+ 21. Kxf2 f6 22. exf6 Bc5+ 23. Kg3 Be3 24. Ra1 d4 25. Na4 Bc2 26. Nc5 Kf7 27. Nxb7 Rg8+ 28. Kf3 Bxd1 29. Rxd1 Kxf6 30. Nc5 Ke7 31. Bh3 Rg1 32. Rd3 Rh1 33. Rb3 Rxh2 34. Rb7+ Kd6 35. Ne4+ Kd5 36. Rd7+ Kc4 37. Be6+ Kb5 38. Rb7+ Ka5 39. Nc5 Rf2+ 40. Kg3